000 00554cam a2200145 4500500
005 20260405002344.0
041 _afre
042 _adc
100 1 0 _aLanghade, Jacques
_eauthor
245 0 0 _aBaudouin Dupret, La charia aujourd’hui . Usages de la référence au droit islamique. La Découverte, coll. Recherches, 2012, 302 pages, 26 €
260 _c2012.
500 _a18
786 0 _nÉtudes | 417 | 9 | 2012-09-01 | p. XXIV-XXIV | 0014-1941
856 4 1 _uhttps://shs.cairn.info/revue-etudes-2012-9-page-XXIV?lang=fr&redirect-ssocas=7080
999 _c2056932
_d2056932